000 00662cam a22002054a 4500
020 _a1559637110 (cloth : alk. paper)
020 _a1559637129 (paper : alk. paper)
040 _cDLC
082 0 0 _a333 ISI 2000 A021 Or.
100 1 _aHaddad, Brent M.
245 1 0 _aRivers of gold :
_bdesigning markets to allocate water in California /
260 _aWashington, D.C. :
_bIsland Press,
_cc2000.
300 _axxiii, 196 p. :
_bill. ;
_c24 cm.
650 0 _aWater-supply
650 0 _aWater-supply
650 0 _aWater rights
650 0 _aFederal-state controversies
856 4 2 _uhttp://www.loc.gov/catdir/enhancements/fy0666/99027758-d.html
942 _cEK
999 _c12795
_d12795